000 01842cam a22004214i 4500
003 PE-LiUPU
005 20250731173436.0
008 150616s1967 ag a r 000 0 spa d
040 _aPE-LiUPU
_bspa
_cPE-LiUPU
_dPE-LiUPU
_erda
049 _aPRUA
082 0 4 _a270.6
_bF143o
_223
110 2 _aFacultad Luterana de Teología
245 1 0 _aObras de Martín Lutero /
_bFacultad luterana de Teología; versión castellana de Carlos Witthaus.
264 1 _aBuenos Aires :
_bEditorial Paidós,
_c1967.
300 _a356 páginas :
_bilustraciones ;
_c24 centímetros.
336 _atext
_2rdacontent
337 _aunmediated
_2rdamedia
338 _avolume
_2rdacarrier
490 0 _a(Clásicos de la Religión ;
_v1)
505 0 _aLa investigación actual sobre Lutero -- El pensamiento de Lutero antes de 1517 -- Disputación acerca de la determinación del valor de las indulgencias -- La indulgencia y la gracia -- La disputación de Heidelberg -- Disputación y defensa de Fray Martín Lutero a Jorge -- A la nobleza cristiana de la nación alemana acerca del mejoramiento del estado cristiano -- Carta al Papa León y la libertad cristiana -- La cautividdad babilónica de la Iglesia -- Lutero en la dieta de Worms -- A toda la clerecía reunida en el Augsburgo para la dieta del año, 1530 -- Prefacio al primer tomo de los escritos latinos 1545.
526 _aSEG42
526 _aSEG41
526 _aSEG40
526 _aSEG39
526 _aP94
526 _aP87
526 _aP86
526 _aP85
526 _aP77
526 _aP76
526 _aP35
600 0 _aLutero, Martín,
_d1483-1546.
_vObras.
_91490
700 _aWitthaus, Carlos,
_etraductor.
_94524
910 _agl
942 _2ddc
_cBK
999 _c56559
_d56559
980 _81
_gALBERTO SANCHEZ Responsable de Automatización